Pro Sports Teams in Illinois, Indiana, Missouri (Kansas) - Statistics

General Stats
  • This quiz has been taken 42 times
  • The average score is 12 of 14
Answer Stats
League Team % Correct
NFL Chicago Bears
100%
MLB Chicago Cubs
100%
NBA Indiana Pacers
100%
MLB Chicago White Sox
97%
NFL Indianapolis Colts
97%
NFL Kansas City Chiefs
97%
NBA Chicago Bulls
94%
MLB Kansas City Royals
94%
NHL Chicago Blackhawks
86%
MLB St. Louis Cardinals
86%
NHL St. Louis Blues
83%
MLS Chicago Fire
81%
MLS St. Louis City SC
67%
MLS Sporting Kansas City
50%
No matching quizzes found
Score Distribution
Percent of People with Each Score
Percentile by Number Answered
Your Score History
You have not taken this quiz